[Event "CAN-op"]
[Site "Victoria CAN"]
[Date "2012.07.13"]
[Round "9.39"]
[White "North, Robert"]
[Black "Lee, Brendon"]
[Result "1/2-1/2"]
[WhiteElo "1913"]
[BlackElo "1871"]
[PlyCount "164"]
[GameId "2160767909508334"]
[EventDate "2012.07.08"]
[EventType "swiss"]
[EventRounds "9"]
[EventCountry "CAN"]
[SourceTitle "EXT 2022"]
[Source "ChessBase"]
[SourceDate "2021.10.06"]
[SourceVersion "1"]
[SourceVersionDate "2021.10.06"]
[SourceQuality "1"]

1. d4 Nf6 2. c4 g6 3. g3 Bg7 4. Bg2 d6 5. Nf3 O-O 6. O-O Nbd7 7. Nc3 e5 8. e4 Re8 9. Re1 exd4 10. Nxd4 Nf8 11. h3 Ne6 12. Be3 Nc5 13. Qc2 Qe7 14. Bg5 c6 15. Rad1 h6 16. Bc1 Be6 17. b3 Rad8 18. Ba3 Qc7 19. Re2 Na6 20. Red2 Bc8 21. b4 d5 22. exd5 cxd5 23. c5 Ne4 24. Nxd5 Rxd5 25. Bxe4 Rxd4 26. Rxd4 Bxd4 27. Rxd4 Bxh3 28. Bb2 Qe7 29. Qc3 f6 30. Bd5+ Be6 31. Re4 Bxd5 32. Rxe7 Rxe7 33. f3 Re6 34. Kf2 Kf7 35. a3 Nc7 36. a4 a6 37. g4 Bc6 38. Qb3 Bd5 39. Qc2 Bc6 40. f4 Re4 41. Qd2 Ne6 42. f5 Rf4+ 43. Ke1 gxf5 44. gxf5 Rxf5 45. Qxh6 Ng5 46. Qh5+ Ke6 47. Qe2+ Kf7 48. b5 axb5 49. axb5 Nf3+ 50. Kd1 Rd5+ 51. Kc1 Rxc5+ 52. Kb1 Rxb5 53. Qf2 Ne5 54. Qh2 Be4+ 55. Ka2 Bf5 56. Qh5+ Bg6 57. Qe2 Nd3 58. Ba3 Nb4+ 59. Bxb4 Rxb4 60. Qd2 Re4 61. Qd5+ Re6 62. Qxb7+ Re7 63. Qd5+ Kg7 64. Kb2 Be4 65. Qh5 f5 66. Kc3 Rd7 67. Qg5+ Kf7 68. Qf4 Rd3+ 69. Kc4 Kg6 70. Kc5 Kh5 71. Kc4 Rf3 72. Qe5 Kg4 73. Qg7+ Kf4 74. Qh6+ Kg3 75. Qg5+ Kf2 76. Kd4 Rd3+ 77. Ke5 Ke2 78. Qh5+ Rf3 79. Qh2+ Rf2 80. Qh5+ Ke3 81. Qh3+ Rf3 82. Qh6+ Kf2 1/2-1/2

[Event "CAN-op U1600"]
[Site "Victoria CAN"]
[Date "2012.07.08"]
[Round "1"]
[White "James, Rowan"]
[Black "Smith, Maurice"]
[Result "1/2-1/2"]
[WhiteElo "1052"]
[BlackElo "1424"]
[PlyCount "96"]
[GameId "2160767909508336"]
[EventDate "2012.07.08"]
[EventType "swiss"]
[EventRounds "9"]
[EventCountry "CAN"]

1. e4 c5 2. Nf3 d6 3. d4 cxd4 4. Nxd4 Nf6 5. Nc3 g6 6. Be3 Bg7 7. Qd2 Nc6 8. O-O-O Bd7 9. Bh6 O-O 10. Bxg7 Kxg7 11. Qg5 Nxd4 12. Rxd4 Qb6 13. Rc4 Be6 14. Ra4 Qxf2 15. e5 dxe5 16. Rh4 h5 17. Be2 Qf5 18. Qg3 Kh6 19. Qe3+ Qg5 20. Qxg5+ Kxg5 21. Rb4 b6 22. Nb5 Nd5 23. h4+ Kh6 24. Re4 f6 25. g4 a6 26. g5+ Kg7 27. gxf6+ exf6 28. Nd6 b5 29. Rg1 Kh6 30. Bd3 Nf4 31. Rxf4 exf4 32. Rxg6+ Kh7 33. Rxf6+ Kh8 34. Rxe6 f3 35. Rh6+ Kg7 36. Rxh5 f2 37. Bf1 Rad8 38. Nf5+ Kg6 39. Rg5+ Kf6 40. Ne3 Ke7 41. Nd5+ Kd6 42. Ne3 Kc7 43. h5 Rfe8 44. Rg7+ Kb8 45. Rg3 Rd6 46. Rh3 Rh8 47. Rf3 Re8 48. a3 Re5 1/2-1/2

[Event "CAN-op U1600"]
[Site "Victoria CAN"]
[Date "2012.07.08"]
[Round "1"]
[White "Lee, Frank"]
[Black "MacKinnon, Don"]
[Result "1-0"]
[WhiteElo "1592"]
[BlackElo "1308"]
[PlyCount "131"]
[GameId "2160767909508337"]
[EventDate "2012.07.08"]
[EventType "swiss"]
[EventRounds "9"]
[EventCountry "CAN"]

1. e4 c6 2. d3 d5 3. Nd2 dxe4 4. dxe4 e6 5. Ngf3 Bb4 6. c3 Bc5 7. g3 Nf6 8. Bg2 O-O 9. O-O Nbd7 10. h3 e5 11. Re1 Re8 12. Nc4 b5 13. Nd6 Qb6 14. Be3 Re6 15. Bxc5 Qxc5 16. Nxf7 Kxf7 17. Ng5+ Ke7 18. Nxe6 Kxe6 19. Qb3+ Qc4 20. Qxc4+ bxc4 21. Rad1 Ba6 22. Re2 Bb5 23. Red2 Ba4 24. Re1 Rb8 25. Bf1 Bb5 26. f3 Rd8 27. Ra1 c5 28. a4 Ba6 29. b3 Rb8 30. Bxc4+ Bxc4 31. bxc4 Rb3 32. Rc2 a5 33. Kf2 Nb6 34. g4 Nxc4 35. Ke2 Rb2 36. Rxb2 Nxb2 37. Ra2 Nc4 38. Kd3 Nb6 39. Rb2 c4+ 40. Kc2 Nxa4 41. Rb5 Kd6 42. Rxa5 Nb6 43. Kb2 Nfd7 44. h4 Nc5 45. Ra7 Ncd7 46. Kc2 Nc8 47. Ra6+ Ncb6 48. g5 g6 49. Kd2 Ke6 50. Ra5 Kd6 51. Ke3 Ke6 52. f4 exf4+ 53. Kxf4 Kd6 54. Ra7 Ke6 55. Ke3 Ke5 56. Ra5+ Ke6 57. Kd4 Kd6 58. Ra1 Ke6 59. Rh1 Kd6 60. h5 Ne5 61. Rf1 Ng4 62. hxg6 hxg6 63. Rf4 Ne5 64. Rf6+ Kc7 65. Rxb6 Kxb6 66. Kxe5 1-0

[Event "CAN-op U1600"]
[Site "Victoria CAN"]
[Date "2012.07.??"]
[Round "2"]
[White "Grossmann, Lenard"]
[Black "Lee, Frank"]
[Result "1-0"]
[WhiteElo "1390"]
[BlackElo "1592"]
[PlyCount "53"]
[GameId "2160767909508338"]
[EventDate "2012.07.08"]
[EventType "swiss"]
[EventRounds "9"]
[EventCountry "CAN"]

1. d4 Nf6 2. Nf3 e6 3. e3 b6 4. Bd3 Bb7 5. Nbd2 d5 6. O-O Nbd7 7. b3 Be7 8. Bb2 O-O 9. Qe2 c5 10. Ne5 Rc8 11. f4 Ne4 12. Nxe4 dxe4 13. Bc4 Bd5 14. Ba6 Rc7 15. c4 Ba8 16. Bb5 Nxe5 17. fxe5 Bg5 18. Rad1 f6 19. dxc5 Qe7 20. cxb6 axb6 21. exf6 Bxf6 22. Bxf6 Rxf6 23. Rxf6 Qxf6 24. Rf1 Qg6 25. Qd2 Rc8 26. Qd7 Rb8 27. Qc7 1-0

[Event "CAN-op U1600"]
[Site "Victoria CAN"]
[Date "2012.07.??"]
[Round "2"]
[White "Lee, Melissa"]
[Black "Gjorgjevik, Kristijan"]
[Result "1-0"]
[WhiteElo "1586"]
[BlackElo "1394"]
[PlyCount "67"]
[GameId "2160767909508339"]
[EventDate "2012.07.08"]
[EventType "swiss"]
[EventRounds "9"]
[EventCountry "CAN"]

1. e4 e5 2. Nf3 Nc6 3. Bb5 a6 4. Ba4 Nf6 5. O-O b5 6. Bb3 Bc5 7. c3 Qe7 8. d4 Bb6 9. Re1 O-O 10. Bg5 d6 11. h3 h6 12. Bh4 Bb7 13. Bg3 Rad8 14. Bc2 Rfe8 15. d5 Na7 16. a4 c6 17. axb5 axb5 18. dxc6 Bxc6 19. Nbd2 Qb7 20. Bh4 Qe7 21. Ra6 Qb7 22. Ra1 Qe7 23. Nh2 d5 24. Ng4 dxe4 25. Bxf6 gxf6 26. Nxh6+ Kf8 27. Nf5 Qc5 28. Qh5 Qxf2+ 29. Kh1 Qxf5 30. Qxf5 Rxd2 31. Bxe4 Bxe4 32. Rxe4 Rxb2 33. Qxf6 Kg8 34. Rf1 1-0

[Event "CAN-op U1600"]
[Site "Victoria CAN"]
[Date "2012.07.??"]
[Round "3"]
[White "Haines, Duncan"]
[Black "Lee, Melissa"]
[Result "1-0"]
[WhiteElo "1434"]
[BlackElo "1586"]
[PlyCount "75"]
[GameId "2160767909508340"]
[EventDate "2012.07.08"]
[EventType "swiss"]
[EventRounds "9"]
[EventCountry "CAN"]

1. c4 Nf6 2. Nc3 g6 3. e4 d6 4. d4 Bg7 5. Nf3 O-O 6. Be2 Nbd7 7. O-O c5 8. d5 a6 9. h3 Rb8 10. a4 Ne8 11. Bf4 Nc7 12. Qd2 Ne5 13. Nxe5 dxe5 14. Be3 Qd6 15. a5 f5 16. f3 f4 17. Bf2 Ne8 18. Na4 g5 19. Bxc5 Qf6 20. Bb6 h5 21. Rac1 Kf7 22. Rfd1 g4 23. fxg4 hxg4 24. Bxg4 Bxg4 25. hxg4 Qh4 26. Qf2 Qxg4 27. Qf3 Qh4 28. Kf1 Rh8 29. Ke2 Qg3 30. Rh1 Qxf3+ 31. gxf3 Rxh1 32. Rxh1 e6 33. d6 Nf6 34. Bc7 Rg8 35. Nc5 Ne8 36. Nxb7 Nxc7 37. dxc7 Ke7 38. Rh7 1-0

[Event "CAN-op U1600"]
[Site "Victoria CAN"]
[Date "2012.07.??"]
[Round "3"]
[White "Ming, Wenyang"]
[Black "Thanabalachandran, Kajan"]
[Result "1/2-1/2"]
[WhiteElo "1324"]
[BlackElo "1509"]
[PlyCount "47"]
[GameId "2160767909508341"]
[EventDate "2012.07.08"]
[EventType "swiss"]
[EventRounds "9"]
[EventCountry "CAN"]

1. b3 Nf6 2. Bb2 Nc6 3. e3 d5 4. f4 Bf5 5. Nf3 g6 6. Be2 Bg7 7. O-O O-O 8. Nh4 Bd7 9. d3 Re8 10. Nf3 Ng4 11. Bxg7 Nxe3 12. Qc1 Nxf1 13. Bb2 Nxh2 14. Kxh2 Bg4 15. f5 Bxf5 16. Qh6 e5 17. Ng5 Qf6 18. Qxh7+ Kf8 19. Ba3+ Re7 20. Qh4 Ke8 21. Bxe7 Kxe7 22. Kg3 Rh8 23. Nc3 Be6 24. Rf1 1/2-1/2

[Event "CAN-op U1600"]
[Site "Victoria CAN"]
[Date "2012.07.??"]
[Round "4"]
[White "Grossmann, Lenard"]
[Black "Haines, Duncan"]
[Result "1-0"]
[WhiteElo "1390"]
[BlackElo "1434"]
[PlyCount "59"]
[GameId "2160767909508342"]
[EventDate "2012.07.08"]
[EventType "swiss"]
[EventRounds "9"]
[EventCountry "CAN"]

1. d4 Nf6 2. Nf3 b6 3. e3 Bb7 4. Bd3 d5 5. b3 e6 6. O-O Bd6 7. Bb2 Nbd7 8. Nbd2 O-O 9. Qe2 c5 10. Ne5 Ne8 11. f4 f5 12. Rf3 Nxe5 13. fxe5 Be7 14. Rh3 Rf7 15. g4 Nc7 16. gxf5 exf5 17. Rf1 Qd7 18. Rg3 Raf8 19. c4 Qe6 20. Nf3 h6 21. Qf2 g5 22. Nh4 f4 23. exf4 Rxf4 24. Qxf4 Rxf4 25. Rxf4 dxc4 26. Bxc4 Bd5 27. Nf5 Kh8 28. Bxd5 Nxd5 29. Rf1 Bd8 30. Rh3 1-0

[Event "CAN-op U1600"]
[Site "Victoria CAN"]
[Date "2012.07.??"]
[Round "4"]
[White "Thanabalachandran, Kajan"]
[Black "Campbell, Jamie"]
[Result "1-0"]
[WhiteElo "1509"]
[BlackElo "1502"]
[PlyCount "121"]
[GameId "2160767909508343"]
[EventDate "2012.07.08"]
[EventType "swiss"]
[EventRounds "9"]
[EventCountry "CAN"]

1. e4 d6 2. d4 Nf6 3. Nc3 g6 4. Bg5 Bg7 5. Nf3 O-O 6. Be2 c6 7. a4 h6 8. Bf4 Re8 9. Qd2 Kh7 10. Bd3 Nh5 11. Be3 e5 12. Bc4 Be6 13. Bxe6 Rxe6 14. dxe5 Bxe5 15. Nxe5 Rxe5 16. O-O-O Nf6 17. f3 Ne8 18. Bf4 Re6 19. Bxh6 Nd7 20. Bf4 Qf6 21. e5 Nxe5 22. Ne4 Qg7 23. Ng5+ Kg8 24. Nxe6 fxe6 25. Bxe5 Qxe5 26. Rhe1 Qf6 27. Qe3 e5 28. Qb3+ Qf7 29. Qxf7+ Kxf7 30. Re2 Rd8 31. c4 Nf6 32. c5 Nd5 33. cxd6 Kf6 34. Rde1 Nf4 35. Rd2 Nd5 36. Kb1 Rxd6 37. g3 Nc3+ 38. Kc2 Rxd2+ 39. Kxd2 Nxa4 40. Kc2 Nb6 41. Ra1 a6 42. Ra3 Nd5 43. Kd3 Kf5 44. Kc4 Ke6 45. Kc5 Kd7 46. h4 a5 47. g4 b6+ 48. Kc4 Kd6 49. Kd3 Ke6 50. Ra1 c5 51. Kc4 e4 52. fxe4 Ne3+ 53. Kb5 Nxg4 54. Kxb6 c4 55. Kxa5 Ne5 56. Rg1 Kf6 57. Kb4 Ke6 58. Rg5 Nf7 59. Rxg6+ Ke5 60. Kxc4 Kxe4 61. h5 1-0

[Event "CAN-op U1600"]
[Site "Victoria CAN"]
[Date "2012.07.??"]
[Round "5"]
[White "Lin, Alex"]
[Black "Lee, Melissa"]
[Result "1/2-1/2"]
[WhiteElo "1204"]
[BlackElo "1586"]
[PlyCount "37"]
[GameId "2160767909508344"]
[EventDate "2012.07.08"]
[EventType "swiss"]
[EventRounds "9"]
[EventCountry "CAN"]

1. e4 c5 2. c3 d6 3. d4 cxd4 4. cxd4 Nf6 5. Nc3 g6 6. Be3 Bg7 7. Be2 O-O 8. Nf3 Nc6 9. O-O a6 10. a4 e6 11. h3 e5 12. dxe5 Nxe5 13. Bf4 Nxf3+ 14. Bxf3 Qb6 15. Qxd6 Qxb2 16. Nd5 Nxd5 17. exd5 Qd4 18. Qc7 Bf5 19. Be3 1/2-1/2

[Event "CAN-op U1600"]
[Site "Victoria CAN"]
[Date "2012.07.??"]
[Round "5"]
[White "Thanabalachandran, Kajan"]
[Black "Grossmann, Lenard"]
[Result "1-0"]
[WhiteElo "1509"]
[BlackElo "1390"]
[PlyCount "121"]
[GameId "2160767909508345"]
[EventDate "2012.07.08"]
[EventType "swiss"]
[EventRounds "9"]
[EventCountry "CAN"]

1. e4 c5 2. Nf3 e6 3. d4 d5 4. Nc3 cxd4 5. Nxd4 dxe4 6. Nxe4 e5 7. Nb5 Qxd1+ 8. Kxd1 Kd8 9. Nbd6 Bxd6 10. Nxd6 Ke7 11. Nxc8+ Kd7 12. Nxa7 Rxa7 13. Be3 Ra5 14. Bc4 f6 15. Bb6 Ra8 16. Ke2 Kc6 17. Be3 Ne7 18. Rhd1 Na6 19. a4 Nc7 20. b4 b5 21. axb5+ Nxb5 22. Bxb5+ Kxb5 23. Bc5 Nc6 24. c3 Rhd8 25. Rxa8 Rxa8 26. Rd7 Kc4 27. Rc7 Ra6 28. Bf8 g6 29. Bg7 Ra2+ 30. Ke3 Kb5 31. Bxf6 Ra3 32. Kd3 Nxb4+ 33. Ke4 Nc6 34. Bxe5 Ra2 35. Bg3 Ra4+ 36. Kd3 h5 37. h4 Rg4 38. Rb7+ Kc5 39. Rb2 g5 40. hxg5 h4 41. Bxh4 Ne5+ 42. Ke2 Rxh4 43. Rb4 Rh5 44. g4 Rxg5 45. f4 Rxg4 46. fxe5 Rg6 47. Re4 Kd5 48. Re3 Re6 49. Kd3 Rxe5 50. Rxe5+ Kxe5 51. Kc4 Kd6 52. Kb5 Kc7 53. Kc5 Kd7 54. Kb6 Kc8 55. c4 Kb8 56. c5 Kc8 57. Kc6 Kb8 58. Kd7 Kb7 59. c6+ Kb6 60. c7 Kc5 61. c8=Q+ 1-0

[Event "CAN-op U1600"]
[Site "Victoria CAN"]
[Date "2012.07.??"]
[Round "6"]
[White "Grossmann, Lenard"]
[Black "Gjorgjevik, Kristijan"]
[Result "0-1"]
[WhiteElo "1390"]
[BlackElo "1394"]
[PlyCount "120"]
[GameId "2160767909508346"]
[EventDate "2012.07.08"]
[EventType "swiss"]
[EventRounds "9"]
[EventCountry "CAN"]

1. d4 d5 2. Nf3 Nf6 3. e3 Bg4 4. c4 c6 5. Qb3 Qb6 6. Qxb6 axb6 7. Ne5 Bf5 8. Nd2 e6 9. Be2 Nbd7 10. f4 Nxe5 11. fxe5 Ng4 12. Bxg4 Bxg4 13. b3 Bb4 14. Bb2 dxc4 15. bxc4 O-O 16. a3 Ba5 17. Rc1 Ra6 18. h3 Bf5 19. Ke2 Bxd2 20. Kxd2 Be4 21. Rhg1 f6 22. exf6 Rxf6 23. Ke2 Rf7 24. Rc3 Ra8 25. Rcc1 Raf8 26. Rcf1 Bd3+ 27. Kxd3 Rxf1 28. Rxf1 Rxf1 29. Ke2 Rg1 30. Kf2 Rb1 31. Bc3 Rc1 32. Bb4 Rxc4 33. Kf3 c5 34. dxc5 bxc5 35. Bd2 b6 36. g4 Rc2 37. Ke2 Ra2 38. h4 Rxa3 39. g5 c4 40. h5 b5 41. Kd1 c3 42. Bc1 Ra5 43. Kc2 b4 44. e4 Re5 45. Kd3 c2 46. Kxc2 Rxe4 47. Kb3 Rh4 48. Bd2 e5 49. Bxb4 Rxb4+ 50. Kxb4 Kf7 51. Kc4 Ke6 52. Kd3 Kf5 53. Ke3 Kxg5 54. Ke4 Kxh5 55. Kxe5 Kg4 56. Ke4 h5 57. Ke3 Kg3 58. Ke2 Kg2 59. Ke3 h4 60. Kf4 h3 0-1

[Event "CAN-op U1600"]
[Site "Victoria CAN"]
[Date "2012.07.??"]
[Round "6"]
[White "Haines, Duncan"]
[Black "Thanabalachandran, Kajan"]
[Result "1-0"]
[WhiteElo "1434"]
[BlackElo "1509"]
[PlyCount "61"]
[GameId "2160767909508347"]
[EventDate "2012.07.08"]
[EventType "swiss"]
[EventRounds "9"]
[EventCountry "CAN"]

1. c4 c5 2. Nc3 Nc6 3. Nf3 Nf6 4. d4 cxd4 5. Nxd4 e6 6. Nc2 b6 7. e4 Bc5 8. Be2 Bb7 9. a3 O-O 10. b4 Be7 11. Bf4 h6 12. O-O a5 13. b5 Nb8 14. f3 d5 15. cxd5 exd5 16. e5 Bc5+ 17. Kh1 Nh7 18. Qd2 Qd7 19. Rfd1 Rd8 20. Nd4 Nf8 21. Be3 Ne6 22. f4 Qc7 23. Bf3 Qd7 24. Qf2 Nc7 25. a4 Qe7 26. Nf5 Qf8 27. Bxc5 bxc5 28. Nd6 Rxd6 29. exd6 Qxd6 30. Nxd5 Ne6 31. Nf6+ 1-0

[Event "CAN-op U1600"]
[Site "Victoria CAN"]
[Date "2012.07.11"]
[Round "7.62"]
[White "Gjorgjevik, Kristijan"]
[Black "Haines, Duncan"]
[Result "0-1"]
[WhiteElo "1394"]
[BlackElo "1434"]
[PlyCount "94"]
[GameId "2160767909508348"]
[EventDate "2012.07.08"]
[EventType "swiss"]
[EventRounds "9"]
[EventCountry "CAN"]

1. e4 c6 2. Nf3 d5 3. exd5 cxd5 4. d4 Bg4 5. h3 Bxf3 6. Qxf3 Nf6 7. Bb5+ Nbd7 8. c4 e6 9. Nc3 a6 10. Ba4 Bb4 11. Bg5 b5 12. cxb5 Qa5 13. Bb3 Ne4 14. Bd2 Nxd2 15. Kxd2 Nf6 16. Ke2 Bxc3 17. Qxc3 Qxc3 18. bxc3 axb5 19. a4 bxa4 20. Bxa4+ Ke7 21. f3 Rhc8 22. Kd2 Rc7 23. Bb5 Rxa1 24. Rxa1 Nh5 25. g4 Nf4 26. h4 h6 27. h5 Kf6 28. Ke3 Kg5 29. Rc1 g6 30. hxg6 fxg6 31. c4 dxc4 32. Rxc4 Rxc4 33. Bxc4 h5 34. gxh5 gxh5 35. Bxe6 Nxe6 36. d5 Nf4 37. d6 Nd5+ 38. Kf2 Nf6 39. Kg3 Kf5 40. Kh4 Ke6 41. Kg5 Kxd6 42. Kxf6 h4 43. f4 h3 44. f5 h2 45. Kf7 h1=Q 46. f6 Qh7+ 47. Ke8 Ke6 0-1

[Event "CAN-op U1600"]
[Site "Victoria CAN"]
[Date "2012.07.11"]
[Round "7.63"]
[White "Campbell, Jamie"]
[Black "Grossmann, Lenard"]
[Result "1-0"]
[WhiteElo "1582"]
[BlackElo "1390"]
[PlyCount "65"]
[GameId "2160767909508349"]
[EventDate "2012.07.08"]
[EventType "swiss"]
[EventRounds "9"]
[EventCountry "CAN"]

1. Nf3 Nf6 2. g3 b6 3. Bg2 Bb7 4. O-O d6 5. b3 e6 6. Bb2 Nbd7 7. c4 c5 8. Nc3 Be7 9. d4 cxd4 10. Qxd4 a6 11. e3 Qc7 12. Rac1 Rc8 13. Rfd1 O-O 14. Na4 Rfe8 15. b4 Qc6 16. b5 axb5 17. Nh4 d5 18. cxd5 Qd6 19. Nc3 Rc4 20. Qd2 b4 21. Nb5 Qc5 22. dxe6 Bxg2 23. exd7 Rd8 24. Rxc4 Qxc4 25. Bxf6 Bxf6 26. Nd6 Qc6 27. Nxg2 Rxd7 28. Nf4 Be5 29. Nd5 Bc3 30. Qd3 Qxd6 31. Ne7+ Qxe7 32. Qxd7 Kf8 33. Qc8+ 1-0

[Event "CAN-op U1600"]
[Site "Victoria CAN"]
[Date "2012.07.12"]
[Round "8.62"]
[White "Haines, Duncan"]
[Black "Campbell, Jamie"]
[Result "0-1"]
[WhiteElo "1434"]
[BlackElo "1582"]
[PlyCount "62"]
[GameId "2160767909508350"]
[EventDate "2012.07.08"]
[EventType "swiss"]
[EventRounds "9"]
[EventCountry "CAN"]

1. c4 c5 2. Nc3 b6 3. Nf3 Bb7 4. g3 Nf6 5. Bg2 g6 6. O-O Bg7 7. d3 d5 8. cxd5 Nxd5 9. Bd2 e6 10. Qc1 O-O 11. Bh6 Qf6 12. Bxg7 Qxg7 13. Nxd5 exd5 14. e3 Na6 15. d4 Rac8 16. Qd2 Qf6 17. Rfc1 c4 18. b3 Rc7 19. Ne5 b5 20. a4 Rfc8 21. axb5 c3 22. Qe2 Nb4 23. Rxa7 Qd6 24. Bh3 Ra8 25. Rxa8+ Bxa8 26. Nd7 c2 27. Nc5 Qb6 28. Bf1 Qa5 29. Qe1 Qa3 30. b6 Rc6 31. Bd3 Rxc5 0-1

[Event "CAN-op U1600"]
[Site "Victoria CAN"]
[Date "2012.07.12"]
[Round "8.63"]
[White "Richardson, Kai"]
[Black "Thanabalachandran, Kajan"]
[Result "1/2-1/2"]
[WhiteElo "1206"]
[BlackElo "1509"]
[PlyCount "93"]
[GameId "2160767909508351"]
[EventDate "2012.07.08"]
[EventType "swiss"]
[EventRounds "9"]
[EventCountry "CAN"]

1. e4 c5 2. Nf3 e6 3. d4 cxd4 4. Nxd4 Nf6 5. Nc3 Qb6 6. e5 Bc5 7. exf6 Bxd4 8. Ne4 d5 9. c3 dxe4 10. Qxd4 Qxd4 11. cxd4 gxf6 12. Bh6 Rg8 13. O-O-O a6 14. d5 exd5 15. Rxd5 Nc6 16. Kb1 Be6 17. Rd2 Rd8 18. Rxd8+ Kxd8 19. g3 Ne5 20. Be2 Ng4 21. Bxg4 Bxg4 22. Bf4 Kd7 23. Rc1 Rc8 24. Rxc8 Kxc8 25. Kc2 Be6 26. a3 Kd7 27. Kc3 Kc6 28. Kd4 Bf5 29. Bh6 Bg6 30. Bg7 f5 31. Ke5 Kc5 32. Kf4 b5 33. Kg5 Kc4 34. h4 h5 35. Kf6 a5 36. Ke7 b4 37. axb4 Kxb4 38. Kd6 Kb3 39. Kd5 a4 40. Kc5 a3 41. bxa3 Kxa3 42. Kd4 Kb4 43. Bf8+ Kb3 44. Bg7 Kc2 45. Ke3 Kd1 46. Bc3 Kc2 47. Bg7 1/2-1/2

[Event "CAN-op U1600"]
[Site "Victoria CAN"]
[Date "2012.07.13"]
[Round "9.62"]
[White "Campbell, Jamie"]
[Black "Gjorgjevik, Kristijan"]
[Result "0-1"]
[WhiteElo "1582"]
[BlackElo "1394"]
[PlyCount "72"]
[GameId "2160767909508352"]
[EventDate "2012.07.08"]
[EventType "swiss"]
[EventRounds "9"]
[EventCountry "CAN"]

1. Nf3 d5 2. c4 Nf6 3. cxd5 Qxd5 4. Nc3 Qd6 5. g3 Bf5 6. Bg2 Nc6 7. Qb3 Qb4 8. Qxb4 Nxb4 9. Nd4 Bc8 10. a3 Na6 11. O-O e5 12. Nb3 c6 13. d4 Bd6 14. d5 cxd5 15. Nxd5 Nxd5 16. Bxd5 Rb8 17. Be3 b6 18. Nd2 O-O 19. Ne4 Bc7 20. b4 Bb7 21. Bxb7 Rxb7 22. Rac1 f5 23. b5 Nb8 24. Ng5 Bd6 25. Rc3 h6 26. Rd1 Be7 27. Ne6 Re8 28. a4 Kf7 29. Rc6 Nxc6 30. bxc6 Rbb8 31. Nc7 Red8 32. Nd5 Rbc8 33. c7 Rd7 34. a5 bxa5 35. Bxa7 Ke6 36. Nf4+ exf4 0-1

[Event "CAN-op U1600"]
[Site "Victoria CAN"]
[Date "2012.07.13"]
[Round "9.63"]
[White "Haines, Duncan"]
[Black "Richardson, Kai"]
[Result "0-1"]
[WhiteElo "1434"]
[BlackElo "1206"]
[PlyCount "40"]
[GameId "2160767909508353"]
[EventDate "2012.07.08"]
[EventType "swiss"]
[EventRounds "9"]
[EventCountry "CAN"]

1. c4 e5 2. g3 Nf6 3. Bg2 Nc6 4. Nc3 Be7 5. d3 d6 6. Nf3 O-O 7. O-O h6 8. a3 Be6 9. e4 Nd4 10. Nxd4 exd4 11. Ne2 c5 12. h3 a6 13. g4 Rb8 14. Ng3 b5 15. b3 bxc4 16. bxc4 Qb6 17. Bf4 Qb3 18. Qd2 Qb2 19. Rfd1 Qxd2 20. Rxd2 g5 0-1

[Event "CAN-op U2000"]
[Site "Victoria CAN"]
[Date "2012.07.??"]
[Round "4"]
[White "Persaud, Hemant"]
[Black "Remillard, John"]
[Result "1-0"]
[WhiteElo "1729"]
[BlackElo "1612"]
[PlyCount "111"]
[GameId "2160767909508354"]
[EventDate "2012.07.08"]
[EventType "swiss"]
[EventRounds "9"]
[EventCountry "CAN"]

1. e4 e5 2. Nf3 Nc6 3. Bb5 d6 4. d4 Bd7 5. Nc3 Nxd4 6. Nxd4 exd4 7. Qxd4 Bxb5 8. Nxb5 a6 9. Nc3 Qf6 10. Qd3 Ne7 11. Be3 Qg6 12. g3 O-O-O 13. O-O-O d5 14. exd5 Qxd3 15. Rxd3 Nf5 16. Rhd1 Nxe3 17. fxe3 g6 18. e4 Bh6+ 19. Kb1 Rhe8 20. Re1 Bg7 21. Nd1 f5 22. Nf2 fxe4 23. Rxe4 Rxe4 24. Nxe4 Re8 25. Re3 Bd4 26. Nd6+ cxd6 27. Rxe8+ Kd7 28. Re4 Bg1 29. h3 Bh2 30. g4 Be5 31. c4 g5 32. b3 h6 33. Kc2 b6 34. a3 Kc7 35. b4 Kd7 36. c5 b5 37. Kb3 Bf4 38. c6+ Kd8 39. Re6 Kc7 40. Rxh6 Kd8 41. a4 Be5 42. axb5 axb5 43. Rg6 Bf4 44. Rg8+ Kc7 45. Ra8 Be5 46. Ra5 Bd4 47. Rxb5 Bb6 48. Ka4 Bd4 49. Rb7+ Kc8 50. b5 Bc5 51. Ka5 Bd4 52. b6 Bc3+ 53. Ka6 Bd4 54. Rd7 Bxb6 55. Kxb6 Kb8 56. Rd8# 1-0

[Event "CAN-op U2000"]
[Site "Victoria CAN"]
[Date "2012.07.11"]
[Round "7.45"]
[White "Gedajlovic, Max"]
[Black "Weller, Tony"]
[Result "1-0"]
[WhiteElo "1601"]
[BlackElo "1863"]
[PlyCount "35"]
[GameId "2160767909508355"]
[EventDate "2012.07.08"]
[EventType "swiss"]
[EventRounds "9"]
[EventCountry "CAN"]

1. d4 Nf6 2. c4 e5 3. dxe5 Ng4 4. Nf3 Bc5 5. e3 Nc6 6. Nc3 Ngxe5 7. Nxe5 Nxe5 8. Be2 O-O 9. O-O d6 10. b3 Be6 11. Bb2 Qd7 12. Ne4 Bb6 13. c5 f5 14. Ng5 Bxc5 15. Bxe5 Qe7 16. Nxe6 dxe5 17. Nxf8 Qxf8 18. Qd5+ 1-0

[Event "CAN-op U2000"]
[Site "Victoria CAN"]
[Date "2012.07.12"]
[Round "8.44"]
[White "Gedajlovic, Max"]
[Black "Doknjas, Joshua"]
[Result "1/2-1/2"]
[WhiteElo "1601"]
[BlackElo "1628"]
[PlyCount "109"]
[GameId "2160767909508356"]
[EventDate "2012.07.08"]
[EventType "swiss"]
[EventRounds "9"]
[EventCountry "CAN"]

1. d4 d5 2. c4 dxc4 3. e3 e5 4. Bxc4 exd4 5. Nf3 Bb4+ 6. Bd2 Bxd2+ 7. Qxd2 Nf6 8. Qxd4 O-O 9. O-O Nc6 10. Qxd8 Rxd8 11. Nc3 Bg4 12. Be2 a6 13. Rfd1 Kf8 14. h3 Bf5 15. Rac1 Ke7 16. g4 Be6 17. Ng5 Rxd1+ 18. Rxd1 Rd8 19. Nxe6 Rxd1+ 20. Bxd1 Kxe6 21. Bb3+ Ke7 22. f4 Nb4 23. g5 Nd7 24. Nd5+ Nxd5 25. Bxd5 c6 26. Bb3 Nc5 27. Bc2 g6 28. Kf2 b5 29. Kf3 Nd7 30. e4 c5 31. f5 Ne5+ 32. Ke2 Nc6 33. Bb1 Kd6 34. Ke3 Ke5 35. f6 Nd4 36. Bd3 c4 37. Bf1 Ne6 38. h4 Nc5 39. Bg2 Nd3 40. b3 cxb3 41. axb3 Nc1 42. Bh3 Nxb3 43. Bd7 Nc5 44. Be8 Ke6 45. Bc6 Nd7 46. Bd5+ Ke5 47. Bxf7 Nf8 48. Kd3 a5 49. Bd5 h6 50. Kc3 hxg5 51. hxg5 Kf4 52. Kd4 Kxg5 53. Kc5 Nd7+ 54. Kxb5 Nxf6 55. Bf7 1/2-1/2

[Event "CAN-op U2000"]
[Site "Victoria CAN"]
[Date "2012.07.12"]
[Round "8.56"]
[White "Sullivan, Brian"]
[Black "Faust, Steven"]
[Result "0-1"]
[WhiteElo "1668"]
[BlackElo "1758"]
[PlyCount "62"]
[GameId "2160767909508357"]
[EventDate "2012.07.08"]
[EventType "swiss"]
[EventRounds "9"]
[EventCountry "CAN"]

1. e4 e6 2. d4 d5 3. Nd2 Nf6 4. e5 Nfd7 5. f4 c5 6. c3 Nc6 7. Ngf3 cxd4 8. cxd4 Bb4 9. Bb5 O-O 10. O-O Qb6 11. Bxc6 bxc6 12. a3 Be7 13. b4 a5 14. bxa5 Qxa5 15. g4 Ba6 16. Rf2 c5 17. Kg2 Rab8 18. f5 cxd4 19. Nb3 Qa4 20. f6 gxf6 21. exf6 Bxf6 22. Rb1 d3 23. Bh6 Bg7 24. Bxg7 Kxg7 25. Nfd4 Bc4 26. g5 Bxb3 27. Qxd3 Bc2 28. Rxf7+ Rxf7 29. Nxe6+ Kg8 30. Rxb8+ Nxb8 31. Qc3 Qg4+ 0-1